000 00395 a2200109 4500
001 ART_10748
005 20260410161854.0
008 260409a
245 1 0 _aEl tratamiento legal y jurisprudencial de las técnicas de reprodución humana asistida en Argentina
100 1 _aAizenberg, Marisa S.
773 0 _tDerecho privado
_gBioderecho - Año I, Nº 1 (mayo 2012)
_wREV10455
999 _c25288
_d25288